00000000nam##2200000za#4500
0019.650343
003CaOODSP
00520210615114304
007ta
008150407|2006||||xxc|||||     f|0| 0 eng|d
020 |a0-662-44220-2
040 |aCaOODSP|beng
043 |an-cn---
0861 |aFs114-5/2006E
1101 |aCanada. |bDepartment of Fisheries and Oceans.
24510|aCanada - Newfoundland and Labrador fishing industry renewal initiative : |bdiscussion paper
2461 |aCanada - Newfoundland and Labrador fishing industry renewal : a discussion paper
260 |aSt. John's - Newfoundland and Labrador : |bFisheries and Oceans Canada |c2006.
300 |aiv, 46p. : |bgraphs, tables ; |c28 cm.
500 |a"If you would like to receive a paper copy, please send us an email [FIR_comment@dfo-mpo.gc.ca] or call the toll free number (1-866-266-6603)."--FIR website.
5203 |aThis discussion paper looks at the need for change in Newfoundland and Labrador’s fishing industry. It outlines the industry’s external and domestic challenges, and presents the progress since the May 2006 launch of the initiative. The paper discusses key policy issues in the areas of harvesting, processing, marketing, and technology. The aim is to seek input from participating governments, industry, and communities for developing an integrated renewal strategy for the province’s fishing industry.
563 |aSoftcover
590 |a07-19|b2007-05-11
590 |a07-20|b2007-05-18
69007|aFisheries management|2gcpds
69007|aMarketing|2gcpds
69007|aRestructuring|2gcpds
77508|tInitiative Canada - Terre-Neuve-et-Labrador de renouvellement de l'industrie de la pêche : |w(CaOODSP)9.683457
7760#|tCanada - Newfoundland and Labrador fishing industry renewal initiative : |w(CaOODSP)9.688898